000
00342cam a2200145ua 4500
001
4604
008
191011n II |||gr||||Z||||||asm
040
_a
MAIN
041
_a
English
082
_a
500 BOR
100
_a
BORMUDOI , MANESWAR.
245
_a
BHARATIYA BIGYANAR SAMU PARICHAI
653
_a
Natural sciences & mathematics
942
_c
BK
999
_c
4591
_d
4591